书目信息 |
| 题名: |
计算机网络基本原理与Internet实践
|
|
| 作者: | 黄维通 主编 ;沈立强 编著 | |
| 分册: | ||
| 出版信息: | 北京 清华大学出版社 2008.04 |
|
| 页数: | 291页 | |
| 开本: | 26cm | |
| 丛书名: | ||
| 单 册: | ||
| 中图分类: | TP393.4 , TP393 | |
| 科图分类: | ||
| 主题词: | 计算机网络--高等教育--教材 , 互联网络 , 互联网络--高等教育--教材 , 计算机网络 | |
| 电子资源: | ||
| ISBN: | 978-7-302-16476-0 | |
| 000 | 01161nam0 2200313 450 | |
| 001 | 1159137109 | |
| 005 | 20121009094506.87 | |
| 010 | @a978-7-302-16476-0@dCNY26.00 | |
| 090 | @aTP393@bhwt | |
| 096 | @aTP393@bhwt | |
| 100 | @a20080522d2008 em y0chiy50 ea | |
| 101 | 0 | @achi |
| 102 | @aCN@b110000 | |
| 105 | @ay z 000yy | |
| 200 | 1 | @a计算机网络基本原理与Internet实践@9ji suan ji wang luo ji ben yuan li yu Internet shi jian@b专著@f黄维通主编@g沈立强编著 |
| 210 | @a北京@c清华大学出版社@d2008.04 | |
| 215 | @a291页@d26cm | |
| 300 | @a大学计算机基础教育规划教材 | |
| 330 | @a本书从计算机网络和TCP/IP的基本原理入手,结合实际工作中的网络操作和网络应用,重点分析了一些经典的网络协议和标准,详细讨论了一些常用网络服务的配置和网络故障的诊断,并对Internet的基本结构、历史和应用等作了较为全面的介绍。 | |
| 606 | 0 | @a计算机网络@x高等教育@j教材 |
| 606 | 0 | @a互联网络 |
| 606 | 0 | @a互联网络@x高等教育@j教材 |
| 606 | 0 | @a计算机网络 |
| 690 | @aTP393.4@v4 | |
| 690 | @aTP393@v4 | |
| 701 | 0 | @a黄维通@f(1964~)@9huang wei tong@4主编 |
| 702 | 0 | @a沈立强@f(1973~)@9shen li qiang@4编著 |
| 801 | 0 | @aCN@b110120@c20080505 |
| 905 | @aZUCC@dTP393@eH890 | |
| 计算机网络基本原理与Internet实践/黄维通主编/沈立强编著.-北京:清华大学出版社,2008.04 |
| 291页;26cm |
| 大学计算机基础教育规划教材 |
| ISBN 978-7-302-16476-0:CNY26.00 |
| 本书从计算机网络和TCP/IP的基本原理入手,结合实际工作中的网络操作和网络应用,重点分析了一些经典的网络协议和标准,详细讨论了一些常用网络服务的配置和网络故障的诊断,并对Internet的基本结构、历史和应用等作了较为全面的介绍。 |
| ● |
| 相关链接 |
|
|
|
正题名:计算机网络基本原理与Internet实践
索取号:TP393/H890
 
预约/预借
| 序号 | 登录号 | 条形码 | 馆藏地/架位号 | 状态 | 备注 |
| 1 | 487376 | 204873761 | 自科二线504/504自科库 19排1列1层/ [索取号:TP393/H890] | 在馆 | |
| 2 | 487377 | 204873770 | 自科二线504/504自科库 19排1列4层/ [索取号:TP393/H890] | 在馆 | |
| 3 | 487378 | 204873789 | 自科二线504/504自科库 19排1列4层/ [索取号:TP393/H890] | 在馆 | |
| 4 | 487379 | 204873798 | 自科二线504/504自科库 19排1列4层/ [索取号:TP393/H890] | 在馆 | |
| 5 | 489684 | 204896844 | 自科二线504/504自科库 17排2列6层/ [索取号:TP393/H890] | 在馆 | |
| 6 | 827404 | 208274044 | 自科二线504/504自科库 2排3列3层/ [索取号:TP393/H896] | 在馆 |